000 00504pam a2200193 a 4500
020 _c
040 _aMedical College Lib.
041 _aENG
_hENG
082 _a618.05
_bSTU
100 _aStudd, J. .
245 _aProgress In Obstetrics & Gynaecology Vol - 3
_hTextual Documents
260 _a :
_bChurchill ,
_c1990.
300 _a820-1632 ;
_c
365 _a1195=10
653 _aObst & Gynac
_aMedical Science
930 _a4053
999 _c4052
_d4052